| 000 | 01183nam a22003617a 4500 | ||
|---|---|---|---|
| 003 | CHAP | ||
| 005 | 20251002101258.0 | ||
| 008 | 971013s1993 r 00010 d | ||
| 010 | _a6441 | ||
| 011 | _a7413 | ||
| 035 | _a6636 | ||
| 040 | _cCHAP | ||
| 090 | _aTesis | ||
| 100 | 1 | 0 |
_aFragoso Hernández, David _942849 |
| 245 | _aEvaluación de la canal de conejo (Orictolagus cunniculus L.) | ||
| 260 |
_aChapingo, Méx. : _bEl autor, _c1993 |
||
| 300 |
_a104 h. _b: ilus. |
||
| 500 | _a62-82 | ||
| 502 | _aTesis (Ing. Agroindustrial) -- UACH. Departamento de Ingeniería Agroindustrial | ||
| 590 |
_aALEPH _b10 _c20130110 _lUCH01 _h1219 |
||
| 590 |
_aBATCH-UPD _b10 _c20130110 _lUCH01 _h0049 |
||
| 590 |
_aBATCH-UPD _b10 _c20130110 _lUCH01 _h0851 |
||
| 590 |
_aBATCH-UPD _b10 _c20130409 _lUCH01 _h2036 |
||
| 590 |
_aBATCH-UPD _b10 _c20130410 _lUCH01 _h0523 |
||
| 590 |
_aBATCH-UPD _b10 _c20130914 _lUCH01 _h0850 |
||
| 590 |
_aCONVERSION _b10 _c20130109 _lUCH01 _h1305 |
||
| 650 | 1 | 4 |
_aCarne de conejo en canal. _919152 |
| 650 | 1 | 4 |
_aConejos _xAlimentación. _926353 |
| 650 | 1 | 4 |
_aConejos _xRazas. _926377 |
| 901 | _aBK | ||
| 942 | _cTESIS | ||
| 949 |
_bBC _cTES _d-16244 _eTS1 _h25467 _i6636 _si |
||
| 999 |
_c6441 _d6441 |
||